Geography Quiz - Statistics

General Stats
  • This quiz has been taken 73 times
    44 since last reset
  • The average score is 5 of 14
Answer Stats
Hint Answer % Correct
The continent where 1/3 of all languages are spoken Africa
88%
The continent with no active volcanos Australia
83%
The largest island in the world Greenland
83%
The continent with the largest desert Antarctica
66%
One of two continents that is in all four hemispheres: north, south, west, and east Africa/Oceania
59%
The official animal of Scotland Unicorn
39%
Second largest religion in the U.S. Judaism
37%
The only other country in Africa, besides Ethiopia, that was not colonised by the European powers Liberia
22%
The oldest state in the world San Marino founded on Sept. 3 in the year 301 BCE
22%
The oldest of the seven wonders of the Ancient world that is still in existence Pyramid of Giza
20%
The highest mountain above Earth's center Mt. Chimborazo in Ecuador is not the highest mountain by elevation above sea level, but its location along the equatorial bulge makes its summit the farthest point on the Earth's surface from the Earth's center.
10%
Country with the highest rate of twin births in the world Nigeria
5%
The most visited place in Europe Disneyland in Paris
2%
The most endangered island nation Marshall Islands
2%
No matching quizzes found
Score Distribution
Percent of People with Each Score
Percentile by Number Answered
Your Score History
You have not taken this quiz since the last reset